000 00538nam a2200193Ia 4500
005 20250326142248.0
008 250326s9999 xx 000 0 und d
020 _a0-06-097184-3
037 _aTextbook
040 _aFMSL
_beng
_cFMSL
041 _aeng
_2eng
084 _aX:8g M7
_qFMSL
100 _aPeters T
_9741652
245 0 _aThriving on chaos: handbook for a management revolution
_cPeters T
260 _aNY
_bNY, Harper Perennial
_c1987
300 _a573p
942 _cTB
_hX:8g M7
999 _c1294190
_d1294190